000 00513nam a2200181Ia 4500
999 _c37048
_d37048
003 OSt
005 20201217124536.0
008 190216s9999||||xx |||||||||||||| ||und||
020 _a9780194799119
040 _coclc
082 _a423
_bHOR/O
100 _aHornby, A S
_97630
245 0 _aOxford Advanced Learner`s Dictionary /
_cA S Hornby
250 _a8th Ed.
260 _bOxford University Press,
_c2000.
_aNew York:
300 _a1540p
942 _cREF
_2ddc
_h423
_iHOR/O
_k423
_mHOR/O